La cuestión social en el Quijote (Record no. 141499)

MARC details
000 -LEADER
campo de control de longitud fija 00991nam a2200241 i 4500
001 - NÚMERO DE CONTROL
campo de control 141499
003 - IDENTIFICADOR DE NÚMERO DE CONTROL
campo de control ES-MaACL
005 - FECHA Y HORA DE LA ÚLTIMA TRANSACCIÓN
campo de control 20250804085013.0
007 - CAMPO FIJO DE DESCRIPCIÓN FÍSICA--INFORMACIÓN GENERAL
campo de control de longitud fija t|
008 - DATOS DE LONGITUD FIJA--INFORMACIÓN GENERAL
campo de control de longitud fija 070925s1904 sp |||| | spa d
100 1# - ENTRADA PRINCIPAL--NOMBRE DE PERSONA
Nombre de persona Villegas, Baldomero.
9 (RLIN) 115202
245 13 - MENCIÓN DEL TÍTULO
Título La cuestión social en el Quijote
Resto del título : reto, en tres cartas abiertas a D. Marcelino Menéndez y Pelayo /
Mención de responsabilidad, etc. Rafael Villegas.
260 ## - PUBLICACIÓN, DISTRIBUCIÓN, ETC.
Lugar de publicación, distribución, etc. Madrid :
Nombre del editor, distribuidor, etc. [s.n.],
Fecha de publicación, distribución, etc. 1904.
300 ## - DESCRIPCIÓN FÍSICA
Extensión 15 p. ;
Dimensiones 21 cm.
530 ## - NOTA DISPONIBLE DE FORMULARIO FÍSICO ADICIONAL
Nota de formato físico adicional disponible Disponible en formato digital.
600 14 - PUNTO DE ACCESO ADICIONAL DE MATERIA--NOMBRE DE PERSONA
Nombre de persona Cervantes Saavedra, Miguel de,
Fechas asociadas al nombre 1547-1616.
Título de la obra Don Quijote de la Mancha-
Subdivisión general Crítica e interpretación
9 (RLIN) 37618
650 #7 - PUNTO DE ACCESO ADICIONAL DE MATERIA--TÉRMINO DE MATERIA
Término de materia o nombre geográfico como elemento de entrada Ética social
Fuente del encabezamiento o término embne
9 (RLIN) 12593
700 1# - ENTRADA AGREGADA--NOMBRE PERSONAL
Nombre de persona Menéndez y Pelayo, Marcelino,
Fechas asociadas al nombre 1856-1912
9 (RLIN) 80332
852 ## - LOCALIZACIÓN
Ubicación ES-MaACL
Número de control de estantería 2237-F-8
Signatura antigua Olim: T-1057-F-7
Ubicación en estantería Depósito folletos
Nota libre Revisado enlace: 03 de Mayo de 2025
856 ## - LOCALIZACIÓN Y ACCESO ELECTRÓNICOS
Identificador Uniforme de Recursos <a href="http://bdh-rd.bne.es/viewer.vm?id=0000189348&page=1 ">http://bdh-rd.bne.es/viewer.vm?id=0000189348&page=1 </a>
Texto de enlace Biblioteca Digital Hispánica
942 ## - ELEMENTOS DE ENTRADA SECUNDARIOS (KOHA)
Fuente del sistema de clasificación o colocación Clasificación decimal universal
Holdings
Estatus retirado Estado de pérdida Fuente del sistema de clasificación o colocación Estado de daño No para préstamo Colección Biblioteca de origen Biblioteca actual Ubicación en estantería Fecha de adquisición Total de préstamos Signatura topográfica completa Código de barras Visto por última vez Precio de reemplazo Tipo de ítem Koha
    Clasificación decimal universal     Colección de folletos Biblioteca del Ateneo de Madrid Biblioteca del Ateneo de Madrid Depósito folletos 17/01/2008   2237-F-8 1147233 23/02/2023 23/02/2023 Folleto